00554cam a2200193ua 45000010005000000080039000050400009000440410012000530820012000651000024000772450024001012500009001252600045001343000009001796530040001889420007002289990015002359520110002509292120117n1998 II |||gr||||Z||||||eng aMAIN aEnglish a531 GOL aGOLDSTEIN, HERBERT. aCLASSICAL MECHANICS a2ND. aNEW DELHIbNAROSA PUBLISHING HOUSEc1998 a684. aClassical mechanics solid mechanics cBK c9268d9268 001040708TBPHYaMAINbMAINcPH#d2000-07-21o531 GOLp16159r2020-02-27 00:00:00t1w2020-02-27yBKzV